000 01077nam a2200421Ia 4500
001 2930
005 20240113233602.0
007 ta
008 050318s2004 a g b000 u eng u
020 _a81-203-0302-4
_cRs.225.00
040 _aCotton College,Assam
041 _aeng
082 _a370.1
_bSk 31 15
100 _aSkinner, Charles E..
245 0 _aEducational Psychology /
_cCharles E. Skinner.
_hTextual Documents
250 _a4th ed. /
260 _aNew Delhi :
_bPrentice-Hall of India(Pvt Ltd) ,
_c2004.
300 _a755p. :
_bill. ;
_c21 cm .
365 _aRs.225.00
504 _aIndex
653 _aEducational Psychology
653 _aPG-Education
653 _aMS-Education
653 _aDeptt.-Education
653 _aEducation-Psycholog
653 _aG-Education
942 _2ddc
_cBK
999 _c2918
_d2918